000 00548nam a2200217Ia 4500
003 OSt
005 20231017121216.0
008 210210b1908 xxu||||| |||| 00| 0 eng d
040 _cAL
041 _aSanskrit
082 _a883/77
100 _aVISHAKADATTA
_9138337
245 _aMudraraksasa by Telang
_bमुद्राराक्षस
260 _aBombay
_b-
_c1908
650 _aTelang
_9138338
650 _aMudraraksasa
_9138339
650 _aby
_9138340
690 _aSanskrit Drama
_9138341
906 _a024407
942 _2ddc
_cBK
999 _c149898
_d149898